• 首页
  • 本馆介绍
  • 公告通知
  • 最新文献
  • 馆藏检索
  • 电子资源
  • 读者导购
  • 参考咨询
  • 我的图书馆
  • 登录
  • 详细信息显示
  • 放入我的书架
  • 预约/预借图书
  • 作者相关作品
  • 分类相关作品
  • 丛书相关作品
  • 出版社相关作品

书目信息

  • 表格格式
  • 工作单格式
  • 卡片格式
题名:
历史的逻辑:把后现代主义引入视域
    
 
作者: 麦卡拉 著 ;张秀琴 译
分册:  
出版信息: 北京   北京师范大学出版社  2008
页数: 321页
开本: 24cm
丛书名: 后现代历史哲学译丛
单 册:
中图分类: K01
科图分类:
主题词: 历史哲学--研究 , 历史哲学
电子资源:
ISBN: 978-7-303-08623-8
000 00880oam2 2200265 45
001 1029829265
005 20100429090759.35
010    @a978-7-303-08623-8@dCNY32.00
100    @a20100419d2008 em y0chiy0120 ea
101 1  @achi@ceng
102    @aCN@b110000
105    @ay z 000yy
106    @ar
200 1  @a历史的逻辑:把后现代主义引入视域@ALi Shi De Luo Ji: Ba Hou Xian Dai Zhu Yi Yin Ru Shi Yu@f(澳) 麦卡拉(C.Behan McCullagh)著@F( Ao ) Mai Ka La (C.Behan McCullagh) Zhu@g张秀琴译
210    @a北京@c北京师范大学出版社@d2008
215    @a321页@d24cm
225 2  @a后现代历史哲学译丛
461  0 @12001 @a后现代历史哲学译丛
606 0  @a历史哲学@x研究
606 0  @a历史哲学
690    @aK01@v4
701  1 @a麦卡拉@AMai Ka La@g(McCullagh, C.Behan)@4著
702  0 @a张秀琴@AZhang Xiu Qin@4译
801  0 @aCN@bTANGWEI@c20100429
905    @b0592759-63@dK01@e169@f5
    
    历史的逻辑:把后现代主义引入视域/(澳) 麦卡拉(C.Behan McCullagh)著/张秀琴译.-北京:北京师范大学出版社,2008
    321页;24cm.-(后现代历史哲学译丛)
    
    
    ISBN 978-7-303-08623-8:CNY32.00
    
●
相关链接 在E读中查询图书 在五车中查询图书 在当当中查询图书 在豆瓣中查询图书


正题名:历史的逻辑:把后现代主义引入视域     索取号:K01/169         预约/预借

序号 登录号 条形码 馆藏地/架位号 状态 备注
1 0592759   205927595   第二样本阅览室/ [索取号:K01/169] 在馆    
2 0592760   205927602   第二借阅区/ [索取号:K01/169] 在馆    
3 0592761   205927611   第二借阅区/ [索取号:K01/169] 在馆    
4 0592762   205927620   第二借阅区/ [索取号:K01/169] 在馆    
5 0592763   205927639   第二借阅区/ [索取号:K01/169] 在馆    
唐山师范学院图书馆 欢迎您!
大连网信软件有限公司© 版权所有